000 00657nam a2200193 i 4500
001 27376
003 ES-MaACL
005 20230906153616.0
007 t|
008 030114s1974 sp |||| | spa d
100 1 _aAzaña, Manuel,
_d1880-1940
_924223
245 1 3 _aLa velada en Benicarló
_b: diálogo de la guerra de España /
_cManuel Azaña ; edición, introducción y notas de Manuel Aragón.
260 _a[Madrid] :
_bCastalia,
_c[1974]
300 _a203 p. ;
_c20 cm.
651 4 _aEspaña-
_xHistoria-
_y1936-1939, Guerra civil-
_vTeatro.
_98328
700 1 _aAragón, Manuel.
_922181
852 _aES-MaACL
_jE-6672
999 _c27376
_d27376